000 00297nam a22001457a 4500
008 230703b ||||| |||| 00| 0 eng d
020 _a9781935963042
041 _aeng
080 _a7
082 _a7DJU
100 _a19
101 _aART
245 _aTHE PARADE
_cDJURBERG
942 _2udc
_cBK
999 _c60078
_d60078